Thư mục Đồng bằng Sông Cửu Long
Gardado en:
| Autor Principal: | |
|---|---|
| Formato: | Libro |
| Idioma: | Undetermined |
| Publicado: |
Tp. HCM
Thư viện KHXH
1981
|
| Những chủ đề: | |
| Các nhãn: |
Engadir etiqueta
Sen Etiquetas, Sexa o primeiro en etiquetar este rexistro!
|
| Thư viện lưu trữ: | Trung tâm Học liệu Trường Đại học Cần Thơ |
|---|
| LEADER | 00555nam a2200181Ia 4500 | ||
|---|---|---|---|
| 001 | CTU_5148 | ||
| 008 | 210402s9999 xx 000 0 und d | ||
| 082 | |a 015 | ||
| 082 | |b V305 | ||
| 100 | |a Thư viện KHXH | ||
| 245 | 0 | |a Thư mục Đồng bằng Sông Cửu Long | |
| 245 | 0 | |c Thư viện KHXH | |
| 260 | |a Tp. HCM | ||
| 260 | |b Thư viện KHXH | ||
| 260 | |c 1981 | ||
| 650 | |a vietnam - mekong river delta - bibliography | ||
| 904 | |i Nguyễn Quang Điền, 960709 | ||
| 980 | |a Trung tâm Học liệu Trường Đại học Cần Thơ | ||